| 000 | 00689nam a2200229Ii 4500 | ||
|---|---|---|---|
| 003 | JO-AjNU | ||
| 008 | 230605s9999||||xx |||||||||||||| ||und|| | ||
| 017 | _a2379/22 | ||
| 020 | _a9960-39-475-1 | ||
| 040 |
_aJO-AjNU _bara _erda _cJO-AjNU |
||
| 041 | _aara | ||
| 050 | 1 | 4 | _aHF5655.2001 |
| 100 | 3 |
_aالوابل، وابل بن علي, _eauthor _964190 |
|
| 245 | 0 | 0 | _aاسس المحاسبة ،ج1 |
| 250 | _aط1 | ||
| 264 | 3 | 1 | _aالرياض: المؤلف، 2001 |
| 300 | _aج1، 464ص | ||
| 336 |
_atext _btxt _2rdacontent |
||
| 337 |
_aunmediated _bn _2rdamedia |
||
| 338 |
_avolume _bnc _2rdacarrier |
||
| 650 | 4 |
_aالمحاسبة المالية-اسس المحاسبة _964191 |
|
| 999 |
_aA29158 _c32726 _d32726 |
||